Revista Ecos de Economa̕ A Latin American Journal of Applied

Detalles Bibliográficos
Formato: eBook
Lenguaje:español
Publicado: Medelln̕: Universidad EAFIT.
Materias:
Acceso en línea:Acceso restringido

MARC

LEADER 00000nam a22000007a 4500
005 20170523125927.0
007 cr|||| ||||
008 170523c19uu9999co fr|| s|||| 0|||b1spa d
035 |a 14761 
040 |a vLex 
090 |c 6687  |d 6687 
245 0 0 |a Revista Ecos de Economa̕  |h [Recurso electrn̤ico] :  |b A Latin American Journal of Applied  
256 |a Servicio en ln̕ea 
260 |a Medelln̕:  |b Universidad EAFIT. 
300 |a 1 recurso electrn̤ico 
310 |a Semestral 
506 0 |a Contenido disponible en los productos indicados  |d vLex Global  |d vLex Global (Academic Edition, excluding Law Schools)  |d vLex Global (U.S. Academic Edition, Law Schools)  |d vLex Global (U.S. Academic Edition, excluding Law Schools)  |d vLex Global (Academic Edition, Law Schools) 
650 0 4 |a Derecho fiscal  |z Colombia 
650 0 4 |a Derecho pb︢lico  |z Colombia 
650 0 4 |a Economia  |z Colombia 
740 0 |a vLex Revistas (Servicio en ln̕ea) 
856 4 0 |u http://vlex.com/source/revista-ecos-de-economia-a-latin-american-journal-of-applied-economics-14761  |z Acceso restringido 
942 |c REV 
999 0 |a Finance--Law and legislation 
999 0 |a Public law 
999 0 |a Economics